BRUNNER & SUDDARTH'S TB. OF MEDICAL SURGICAL NURSING (Record no. 16461)
[ view plain ]
| 000 -LEADER | |
|---|---|
| fixed length control field | 00356nam a22001457a 4500 |
| 003 - CONTROL NUMBER IDENTIFIER | |
| control field | SGT |
| 020 ## - INTERNATIONAL STANDARD BOOK NUMBER | |
| International Standard Book Number | 978-93-87963-72-6 |
| 082 ## - DEWEY DECIMAL CLASSIFICATION NUMBER | |
| Classification number | 610.73677 |
| Item number | B18S |
| 100 ## - MAIN ENTRY--PERSONAL NAME | |
| Personal name | SHARMA, SURESH K. |
| 245 ## - TITLE STATEMENT | |
| Title | BRUNNER & SUDDARTH'S TB. OF MEDICAL SURGICAL NURSING |
| 260 ## - PUBLICATION, DISTRIBUTION, ETC. (IMPRINT) | |
| Place of publication, distribution, etc | INDIA |
| Name of publisher, distributor, etc | WOLTERS KLUWER |
| Year of Publication | 2018 |
| 300 ## - PAGE DESCRIPTION | |
| No. of Pages | 1104 |
| 650 ## - SUBJECT ADDED ENTRY--TOPICAL TERM | |
| Topical term or geographic name as entry element | MSN |
| 942 ## - ADDED ENTRY ELEMENTS (KOHA) | |
| Source of classification or shelving scheme | Dewey Decimal Classification |
| Koha item type | Books |
| 942 ## - ADDED ENTRY ELEMENTS (KOHA) | |
| -- | 3 |
| Withdrawn status | Lost status | Source of classification or shelving scheme | Damaged status | Not for loan | Collection code | Home library | Current library | Shelving location | Date acquired | Vendor Name | Cost, normal purchase price | Volume Information (Serial or Books or Non-Book Material) | SGTU | Bill Number | Total Checkouts | Full call number | Accession No. (Barcode) | Date last seen | Bill Date | Koha item type | Date last borrowed |
|---|---|---|---|---|---|---|---|---|---|---|---|---|---|---|---|---|---|---|---|---|---|
| Dewey Decimal Classification | Not For Loan | NURSING | SGT Medical Library | SGT Medical Library | Reference Book | 08/01/2019 | ABC | 2399.00 | 1 | SGTU | 10396 | 610.73677 B18S | FN3777 | 08/01/2019 | 08/12/2018 | Books | |||||
| Dewey Decimal Classification | Not For Loan | NURSING | SGT Medical Library | SGT Medical Library | Reference Book | 08/01/2019 | ABC | 2399.00 | 1 | SGTU | 10396 | 610.73677 B18S | FN3778 | 24/05/2022 | 08/12/2018 | Books | |||||
| Dewey Decimal Classification | NURSING | SGT Medical Library | SGT Medical Library | Reference Book | 08/01/2019 | ABC | 2 | SGTU | 10396 | 2 | 610.73677 B18S | FN3779 | 02/04/2026 | 08/12/2018 | Books | 26/03/2026 | |||||
| Dewey Decimal Classification | NURSING | SGT Medical Library | SGT Medical Library | Reference Book | 08/01/2019 | ABC | 2 | SGTU | 10396 | 7 | 610.73677 B18S | FN3780 | 27/03/2026 | 08/12/2018 | Books | 06/02/2026 |